Bawò èdè

Kaydedildi:
Detaylı Bibliyografya
Yazar: FÁTÙRÓTÌ, Olúségun
Materyal Türü: Kitap
Dil:İngilizce
Baskı/Yayın Bilgisi: : Karounwi Publishers 2007
Etiketler: Etiketle
Etiket eklenmemiş, İlk siz ekleyin!

MARC

LEADER 00000nam a22000007a 4500
008 211202b ||||| |||| 00| 0 eng d
020 |a : 978-37808-6-7 
100 |a FÁTÙRÓTÌ, Olúségun. 
245 |a Bawò èdè  |c  Olúségun Fátùrótì  |g . vii, 119p. 
260 |b : Karounwi Publishers  |c  2007  |h .- [Ile-Ife  |i 690100  |i 690108  |i  690107 - Afr.  |m Yoruba language - Translating  |m Title. 
942 |a lcc  |c BK  |e J. O. Ifatola  |f 02/ 12/ 2021 
952 |0 0  |1 0  |2 lcc  |4 0  |6 PL8824 F26  |7 0  |9 3941  |a HOL  |b HOL  |c LP  |d 2021-12-02  |l 0  |o PL8824 .F26  |p 2021-67663  |r 2021-12-02 00:00:00  |w 2021-12-02  |y BK 
952 |0 0  |1 0  |2 ddc  |4 0  |6 PL_8824_000000000000000__F26  |7 0  |9 3942  |a HOL  |b AC  |c LP  |d 2021-12-02  |l 0  |o PL8824 .F26  |p 2021-67664  |r 2021-12-02 00:00:00  |w 2021-12-02  |y BK 
999 |c 1974  |d 1974